Dragon Ball Z Abridged- Who said this? - Statistics

General Stats
  • This quiz has been taken 313 times
  • The average score is 24 of 30
Answer Stats
Quote Character % Correct
"You're not dealing with the average Saiyan anymore." Vegeta
99%
"I AM THE HYPE!" Vegeta
99%
"You are just the grand central station of disappointment aren't you?" Vegeta
99%
"Bitch, Im adorable." Vegeta
99%
"Im about to rock you, like a hurricane." Vegeta
99%
"I WANNA BE A SUPER SAIYAN." Vegeta
99%
"No Frieza-Dono Yamete!" Vegeta
99%
"I AM THE CHAMPION OF CHRISTMAS!" Goku
97%
"Well I'll be a Monkey's uncle." Goku
97%
"Only saw Z who that?" Goku
97%
"Plus Ultra! Goku
97%
"Senzu Bean!" Krillin
93%
"You know, its like with Terminator. Everybody *knows* there's a first one but everybody's always talking about the seq-" Krillin
93%
"Dodge." Piccolo
93%
"NEEEERRRRRRRRRRRRD." Piccolo
93%
"Oh how cute he named it- OH SH!@." Cell
92%
"I am perfect, and you will quote everything I say." Cell
92%
"GET OUT OF MY F#$@%ING TIMELINE!" Trunks
88%
"I am hilarious and you will quote everything I say." Nappa
80%
"Hey, Vegeta." Nappa
80%
"Hey can Goku come out and die?" Android 17
73%
"HEY DICK LIPS, This is the last cool thing I'll ever do, there is no joke." Tien
72%
"Now where's my trucker hat?" Android 13
67%
"Maybe I'm gay, or maybe stereotypes are bullsh!@, MMMMMM, P*&@%SY." Zarbon
54%
"Father, I wish to be a real boy......" Android 19
52%
"By metal, my life was given. By metal, it has been striped away. No dreams before, nor after. Only the end." Android 14
51%
"He said one week and I'm using it!" Master Roshi
51%
"Haha, Super Saiyan or not you're still just a.......B&*@!." Android 15
40%
"Psh, I shorten Vinegar all the time but you don't hear me calling myself N-" Vinegar
32%
"You mad bro?" Bardock
19%
No matching quizzes found
Score Distribution
Percent of People with Each Score
Percentile by Number Answered
Your Score History
You have not taken this quiz